Определенный и кратные интегралы. Элементы теории поля: учебные пособия

Podrobná bibliografie
Hlavní autor: Егоров В. И. Владимир Иванович
Další autoři: Салимова А. Ф. Альфия Фаизовна
Shrnutí:В издании представлена теория и основные приложения определенного и кратных интегралов, а также элементы теории поля. Материал адаптирован к современной программе математического образования в высших технических учебных заведениях, к использованию в компьютерных обучающих системах. Книга предназначается студентам технических вузов. Она также может оказаться полезной преподавателям, инженерам, научным работникам.
Jazyk:ruština
Vydáno: Москва, Физматлит, 2004
Témata:
Médium: Kniha
KOHA link:https://koha.lib.tpu.ru/cgi-bin/koha/opac-detail.pl?biblionumber=81514

MARC

LEADER 00000nam0a2200000 4500
001 81514
005 20231031095210.0
010 |a 5922104705  |b (в пер.) 
021 |a RU  |b 04-36415  |9 04-1825 
035 |a (RuTPU)RU\TPU\book\87620 
090 |a 81514 
100 |a 20050921d2004 m y0rusy5002 ca 
101 0 |a rus 
102 |a RU 
105 |a a j 000zy 
200 1 |a Определенный и кратные интегралы. Элементы теории поля  |e учебные пособия  |f В. И. Егоров, А. Ф. Салимова 
210 |a Москва  |c Физматлит  |d 2004 
215 |a 255, [1] с.  |c ил.  |d 22 см. 
330 |a В издании представлена теория и основные приложения определенного и кратных интегралов, а также элементы теории поля. Материал адаптирован к современной программе математического образования в высших технических учебных заведениях, к использованию в компьютерных обучающих системах. Книга предназначается студентам технических вузов. Она также может оказаться полезной преподавателям, инженерам, научным работникам. 
610 1 |a определенные интегралы 
610 1 |a кратные интегралы 
610 1 |a теория поля 
610 1 |a двойные интегралы 
610 1 |a тройные интегралы 
610 1 |a геометрические приложения 
610 1 |a интегрируемость 
610 1 |a вычисление 
610 1 |a несобственные интегралы 
610 1 |a криволинейные интегралы 
610 1 |a поверхностные интегралы 
610 1 |a векторные поля 
610 1 |a дивергенция 
610 1 |a ротация 
610 1 |a учебные пособия 
675 |a 517.37(075.8)  |v 3  |z rus 
675 |a 517.38(075.8)  |v 3  |z rus 
700 1 |a Егоров  |b В. И.  |g Владимир Иванович 
701 1 |a Салимова  |b А. Ф.  |g Альфия Фаизовна 
801 0 |a RU  |b RKP  |c 20040722  |g PSBO 
801 1 |a RU  |b 63413507  |c 20050921  |g PSBO 
801 2 |a RU  |b 63413507  |c 20051005  |g PSBO 
900 |a Высшая математика 
900 |a Теория поля 
900 |a Интегральное исчисление и теория поля 
942 |c BK 
951 |a 510100  |b 010100